000 00876nam a2200253 i 4500
001 140623
003 ES-MaACL
005 20251012190621.0
007 t|
008 070214s1986 sp r ||||1| spa d
020 _a84-239-6948-7
080 _a811.134.2
100 1 _aSeco, Manuel.
_9105046
245 1 0 _aDiccionario de dudas y dificultades de la lengua española /
_cManuel Seco ; prólogo de Salvador Fernández Ramírez.
250 _a9ª. ed. rev. y puesta al día.
260 _aMadrid :
_bEspasa Calpe,
_c1986.
300 _aXXII, 545 p. ;
_c21 cm.
650 0 4 _aLengua española-
_xUso-
_vDiccionarios.
_914193
700 1 _aFernández Ramírez, Salvador,
_d1896-1983
_950022
852 _aES-MaACL
_jL-11261
_bR.113038
852 _aES-MaACL
_jA-15215
_9 145712
_cDEPO1
_dOlim: DIC - L 134.2 SEC dic
942 _2udc
999 _c140623
_d140623